| 000 | 01110nam a2200313 i 4500 | ||
|---|---|---|---|
| 001 | 768714001 | ||
| 003 | CO-MdFUSB | ||
| 005 | 20240820105603.0 | ||
| 007 | ta | ||
| 008 | 940615t1993 -usab b 001 | eng d | ||
| 020 |
_a080244127 _q0 |
||
| 040 |
_aIDfTD _cCO-MdFUSB _dCO-MdFUSB _bspa _erda |
||
| 041 | _aeng | ||
| 082 |
_223 _a222.061 _bH848o |
||
| 100 | 1 |
_aHoward, David M., _eautor |
|
| 245 | 1 | 3 |
_aAn introduction to the Old Testament Historical Books / _cDavid Howard, Jr. |
| 264 | 1 |
_aChicago, Estados Unidos : _bMoody Press, _c[1993] |
|
| 264 | 4 | _c© 1993 | |
| 300 |
_a394 páginas ; _c24 cm. |
||
| 336 |
_2rdacontent _atexto _btxt |
||
| 337 |
_2rdamedia _asin mediación _bn |
||
| 338 |
_2rdacarrier _avolumen _bnc |
||
| 505 | _aIntroducción a la narrativa histórica -- Josué -- Jueces -- Piedad -- 1 y 2 Samuel -- 1 y 2 Reyes -- Contexto histórico y cultural de 1 y 2 Reyes -- 1 y 2 Crónicas -- Esdras-Nehemías --Ester | ||
| 563 | _aTapa dura | ||
| 630 | 0 | 7 |
_aBiblia. _pAntiguo Testamento _xCrítica, interpretación, etc. |
| 942 | _cBK | ||
| 945 | _aMag1104 | ||
| 999 |
_c68939 _d68939 |
||